1195 1104 1391 1177 1893 1183 1832 1274 1019 1155 1758 1213 1327 1557 1680 1952 1072 1338 1539 1906 1554 1043 1443 1789 1011 1394 1097 1906 1190 1935 1597 1745 1943 1133 1597 1913 1128 1536 1275 1032 1267 1055 1034 1790 1424 1095 1611 1691 1923 1034 1864 1671 1905 1563 1531 1466 1022 1164 1483 1282 1678 1929 1217 1843 1443 1660 1825 1298 1538 1909 1457 1869 1896 1537 1987 1285 1197 1954 1832 1555 1673 1582 1546 1227 1741 1152 1509 1678 1052 1783 1033 1704 1280 1646 1453 1388 1416 1624 1850 BCNSPRNW ULIB Ver.6.0+V

เปลี่ยนเป็นภาษาไทย

Change to English
 แสดงรายละเอียดบรรณานุกรม
  กลับหน้าหลัก

Brief Record : Get Marc (ISO 2709) : E-mail record : QR code < ปิดหน้าต่าง
LEADER : 00000nam 2200000uu 4500
001    13399127409
003     ULIB
008    200519s2559||||th 000 0 tha d
020    ^a9786165470865
050  4 ^aPE1128^bส779T
100 0  ^aสุทิน พูลสวัสดิ์
245 10 ^aTOEFL ITP with MP3 CD /^cสุทิน พูลสวัสดิ์
246 30 ^aTOEFL ITP :^bkey to success
250    ^aพิมพ์ครั้งที่ 1
260    ^aกรุงเทพฯ :^bศูนย์หนังสือ ที.จี.อาร์.อี,^c2559
300    ^a294 หน้า ;^c26 ซม. +^eซีดีรอม 1 แผ่น
650  0 ^aEnglish language^xExaminations, questions, etc.
650  0 ^aEnglish language^xUsage
650  0 ^aEnglish language^xGrammar
650  0 ^aTest of English as a Foreign Language
650  4 ^aภาษาอังกฤษ^xข้อสอบและเฉลย
650  4 ^aภาษาอังกฤษ^xการใช้ภาษา
650  4 ^aภาษาอังกฤษ^xไวยากรณ์
650  4 ^aโทเฟล
653    ^aTOEFL
945    ^p395^l0^i007083
999    ^aประนอม เกษจรัล
รายการนี้ยังไม่มีแท็ก
คุณยังไม่ได้ล็อกอิน คุณสามารถมีกิจกรรมร่วมกับเว็บไซต์ได้ แต่ต้องล็อกอินก่อน ::
  ล็อกอิน

รายการสื่อสารสนเทศ

ลำดับที่ ประเภท เลขเรียก/บาร์โค้ด สถานที่ สถานะ
- ไม่พบข้อมูล -

รายการใกล้เคียง
    ผู้แต่ง [สุทิน พูลสวัสดิ์]

    หัวเรื่อง [English language Grammar]
    หัวเรื่อง [Test of English as a Foreign Language]
    หัวเรื่อง [ภาษาอังกฤษ การใช้ภาษา]
    หัวเรื่อง [โทเฟล]

BibComment


ยังไม่เคยถูกคอมเมนท์

คอมเมนท์ทรัพยากรรายการนี้
  คอมเมนท์: TOEFL ITP with M..


 Copyright 2026. Bcnsprnw @Library